000 00886nam a22001937a 4500
999 _c6292
_d6292
005 20251125232806.0
008 s2540 th tha d
040 _aNALT
041 _atha
050 _aDS578.32 ต786ว 2540
245 1 0 _aวีรชนนักประชาธิปไตย ขุนพลภูพาน เตียง ศิริขันธ์ ผู้นำเสรีไทย
260 3 _aนนทบุรี :
_bสถาบันวิทยาศาสตร์สังคม (ประเทศไทย),
_c2540
300 _a120 หน้า ;
_b 21 ซม.
650 0 4 _aเตียง ศิริขันธ์ -- ชีวประวัติ
850 _aNALT
856 4 0 _uhttps://hdl.handle.net/20.500.14156/401614
_71
942 _cGB
_2lcc
_01
998 _j111
_k นางสาวพจพิณ พรมเอี่ยม